000 00533nam a2200133 a 4500
008 120416s1965 ||||||||||||||||| || u
050 _aTK 4175 Con
245 1 0 _aContemporary lighting
246 _aselected projects from the 4th Philips International Lighting Contest, 1965
260 _aEindhoven, [Netherlands]
_bN.V. Philips
_c1965
300 _axxiv, 281p. : ill.
350 _a0.00
995 _D0.00
_FCBU-MAIN LIBRARY (Kitwe)
_H1
_I0.00
_UDAMAGED
_ZMain Library Open Access Collection
999 _c38649
_d38649